000 00482nam a22001937a 4500
005 20221114110115.0
008 221114b ||||| |||| 00| 0 eng d
020 _a9789391883195
040 _aIN-DiNC
_cIN-DiNC
041 _dasm
082 _a336
100 _aAhmed Rafique
_eauthor
245 _aRajashra arthabigyan
_cBy Rafique Ahmed
250 _a1st ed.
260 _aJorhat
_bUnika Prakashan
_c2022
300 _a304p.
650 _aPublic economics
942 _2ddc
_cBK
999 _c11444
_d11444